[Event "ICS rated blitz match"]
[Site "204.178.125.65"]
[Date "2000.09.24"]
[Round "?"]
[White "Hossa"]
[Black "gaudi"]
[Result "1-0"]
[WhiteElo "2577"]
[BlackElo "1943"]
[PlyCount "37"]
[EventDate "2000.??.??"]

1. e4 c5 2. c3 e6 3. d4 cxd4 4. cxd4 d6 5. Nc3 Nf6 6. Nf3 a6 7. Bd3 Be7 8. O-O
O-O 9. Bf4 Nc6 10. Rc1 Qa5 11. Qb3 e5 12. Be3 Bg4 13. dxe5 dxe5 14. Qxb7 Bxf3
15. gxf3 Rac8 16. Bxa6 Bc5 17. Bxc5 Qxc5 18. Nd5 Qd6 19. Rxc6 {gaudi resigns}
1-0

[Event "ICS Rated standard match"]
[Site "204.178.125.65"]
[Date "2000.09.24"]
[Round "?"]
[White "Varguz"]
[Black "Hossa"]
[Result "1-0"]
[WhiteElo "2617"]
[BlackElo "2383"]
[PlyCount "113"]
[EventDate "2000.??.??"]

1. d4 Nf6 2. Nf3 g6 3. Bg5 Bg7 4. Nbd2 d5 5. e3 O-O 6. Bd3 h6 7. Bh4 c5 8. c3
Qb6 9. Rb1 c4 10. Bc2 Qa5 11. a4 Nc6 12. h3 Nh5 13. O-O Re8 14. Rc1 a6 15. e4
Be6 16. b4 cxb3 17. Bxb3 dxe4 18. Nxe4 Bxb3 19. Qxb3 Nf4 20. Rce1 Qd5 21. Qb1
b5 22. Bg3 Nh5 23. Bh2 bxa4 24. Qa1 Qa5 25. Ned2 Nf6 26. Nc4 Qb5 27. Nfe5 Nxe5
28. Nxe5 Rec8 29. c4 Qe8 30. Qa3 Nh7 31. d5 e6 32. Nc6 Rxc6 33. dxc6 Qxc6 34.
Rc1 Bf8 35. c5 Nf6 36. Bd6 Nd5 37. Rfe1 Bxd6 38. cxd6 Qb5 39. Re4 Nb6 40. Rb4
Qa5 41. Rbb1 Nd7 42. Rc4 Qf5 43. Rb7 Qd5 44. Rcc7 Ne5 45. d7 Kh7 46. Rc8 Nxd7
47. Qe7 Rxc8 48. Qxf7+ Kh8 49. Rxd7 Qxd7 50. Qxd7 Rf8 51. Qxe6 Kg7 52. Qxa6 Rf4
53. Qc6 h5 54. g3 Rf7 55. Qxa4 Kh6 56. f4 h4 57. Qd4 {Hossa resigns} 1-0

[Event "ICS rated blitz match"]
[Site "204.178.125.65"]
[Date "2000.09.24"]
[Round "?"]
[White "Hossa"]
[Black "Varguz"]
[Result "0-1"]
[WhiteElo "2578"]
[BlackElo "2744"]
[PlyCount "92"]
[EventDate "2000.??.??"]

1. e3 d5 2. d4 Nf6 3. Nf3 g6 4. c4 Bg7 5. cxd5 Nxd5 6. Be2 c5 7. e4 Nf6 8. d5
O-O 9. Nc3 b5 10. Bxb5 Nxe4 11. Nxe4 Qa5+ 12. Nc3 Bxc3+ 13. bxc3 Qxb5 14. Bg5
Qc4 15. Qb3 Qe4+ 16. Kf1 c4 17. Qb4 Bh3 18. Ne1 Qxd5 19. Qxe7 Nd7 20. Bf4 Rfe8
21. Qg5 Bf5 22. Qh6 Nf6 23. h3 Qa5 24. Nf3 Qxc3 25. Rc1 Qb2 26. Kg1 Be4 27. Ng5
c3 28. Re1 Bc6 29. Rd1 c2 30. Rf1 Rad8 31. Kh2 Rd1 32. a3 Qa1 33. Rfg1 Qd4 34.
Bg3 c1=Q 35. Rxd1 Qdxd1 36. Rxd1 Qxd1 37. Bc7 Re1 38. Kg3 Rg1 39. Kh4 Qd4+ 40.
Ne4 Nxe4 41. Qf4 g5+ 42. Qxg5+ Nxg5+ 43. Kh5 Ne6 44. Bg3 Ng7+ 45. Kg5 h6+ 46.
Kxh6 Qf6# {Hossa checkmated} 0-1

[Event "ICS rated blitz match"]
[Site "204.178.125.65"]
[Date "2000.09.24"]
[Round "?"]
[White "IgorIvanov"]
[Black "Hossa"]
[Result "1-0"]
[WhiteElo "2435"]
[BlackElo "2569"]
[PlyCount "115"]
[EventDate "2000.??.??"]

1. d4 Nf6 2. c4 e6 3. Nc3 Bb4 4. e3 O-O 5. Nf3 d5 6. a3 Be7 7. b4 Ne4 8. Nxe4
dxe4 9. Nd2 f5 10. Bb2 a5 11. b5 b6 12. Be2 Nd7 13. O-O Bb7 14. f3 Bg5 15. Qb3
Nc5 16. dxc5 Qxd2 17. f4 Qxe2 18. fxg5 bxc5 19. Rad1 Rf7 20. Be5 a4 21. Qc3 c6
22. b6 Ba6 23. Rd2 Qxc4 24. Qxc4 Bxc4 25. Rc1 Bd5 26. Rxc5 Rb7 27. Bc7 Kf7 28.
Kf2 Kg6 29. h4 Kh5 30. Kg3 Re8 31. Rd4 e5 32. Rxa4 f4+ 33. Kf2 Kxh4 34. Ra7
Rxa7 35. bxa7 fxe3+ 36. Kxe3 Ra8 37. Bb6 Kg3 38. Rc2 Kh2 39. Bc5 h6 40. Rb2
hxg5 41. Rb8 Rxa7 42. Bxa7 Kxg2 43. Bc5 g4 44. a4 g3 45. a5 Bc4 46. Rb4 Ba6 47.
Kxe4 g6 48. Kxe5 g5 49. Rg4 Kf3 50. Rxg5 Bb5 51. Rg7 Bd3 52. Kd6 Bb5 53. Kc7
Bd3 54. Kb6 Kg2 55. a6 Bxa6 56. Kxa6 Kh3 57. Kb6 Kg2 58. Kxc6 {Hossa resigns}
1-0

[Event "ICS rated blitz match"]
[Site "204.178.125.65"]
[Date "2000.09.24"]
[Round "?"]
[White "Hossa"]
[Black "Valg"]
[Result "1-0"]
[WhiteElo "2572"]
[BlackElo "2421"]
[PlyCount "124"]
[EventDate "2000.??.??"]

1. e4 e5 2. Nf3 Nc6 3. Bc4 Nf6 4. Ng5 d5 5. exd5 Na5 6. Bb5+ c6 7. dxc6 bxc6 8.
Be2 h6 9. Nf3 e4 10. Ne5 Bd6 11. d4 exd3 12. Nxd3 Qc7 13. b3 O-O 14. Bb2 Ne4
15. Nc3 Re8 16. Nxe4 Rxe4 17. Qd2 Qe7 18. Kf1 Bc7 19. Qc3 f5 20. Bf3 Re6 21.
Nc5 Rg6 22. Re1 Qh4 23. Re8+ Kf7 24. Rxc8 Rxc8 25. Qd3 Rd8 26. Qxf5+ Rf6 27.
Bxf6 Qxf6 28. Qxf6+ Kxf6 29. Ke2 Re8+ 30. Kd1 Rd8+ 31. Kc1 Kf5 32. Re1 Bf4+ 33.
Kb1 Be5 34. b4 Bd6 35. Rd1 Nc4 36. Nb7 Rd7 37. Nxd6+ Rxd6 38. Rxd6 Nxd6 39.
Bxc6 Nc4 40. Bd5 Ne5 41. h3 g5 42. Kb2 g4 43. a4 gxh3 44. gxh3 Ng6 45. Bc6 Nf4
46. Kc3 Kg5 47. Kc4 Nxh3 48. f3 Kf4 49. Kb5 Ng5 50. Ka6 Nxf3 51. Bxf3 Kxf3 52.
b5 h5 53. b6 axb6 54. Kxb6 h4 55. a5 Ke3 56. a6 Kf4 57. a7 Kg3 58. c4 Kf4 59.
c5 h3 60. Kc7 Ke5 61. Kd7 Kd4 62. Kd6 h2 {Valg resigns} 1-0

[Event "ICS rated blitz match"]
[Site "204.178.125.65"]
[Date "2000.09.24"]
[Round "?"]
[White "Hossa"]
[Black "Dorky"]
[Result "1-0"]
[WhiteElo "2562"]
[BlackElo "2468"]
[Annotator "Fritz 6 (35s)"]
[PlyCount "100"]
[EventDate "2000.??.??"]

1. e4 {C42: Russische Verteidigung (Petrow)} 1... e5 2. Nf3 Nf6 3. Nxe5 d6 4.
Nf3 Nxe4 5. d4 d5 6. Bd3 Nc6 7. O-O Be7 8. c4 Nb4 9. Be2 Be6 10. Nc3 O-O 11. a3
Nxc3 12. bxc3 Nc6 13. cxd5 Bxd5 14. Re1 Re8 15. Be3 Qd6 16. Qc2 g6 17. Nd2 Bf6
18. Bh6 Re6 19. Nf1 (19. Nc4 Qd7 $14) 19... Rae8 20. Ne3 Be4 21. Qb2 Na5 22.
Ng4 {Weiss verschaerft nun die Partie} 22... Bh8 23. Bb5 c6 24. Be2 f5 25. Ne3
c5 26. Bb5 Bc6 27. d5 Qxd5 28. Nxd5 Rxe1+ 29. Rxe1 Rxe1+ 30. Bf1 Bg7 31. Bxg7
Nc4 32. Ne7+ (32. Qc2 $5 {gibt noch groesseren Vorteil} 32... Bb5 33. h3 Nxa3
$18) 32... Kxg7 33. Qa2 Bb5 34. a4 (34. h3 $142 $18) 34... Ne3 35. Qg8+ Kh6 36.
Qf8+ (36. Nxf5+ $142 {und Weiss gewinnt} 36... Nxf5 37. axb5 $18) 36... Kh5 37.
g4+ fxg4 38. fxe3 Rxf1+ 39. Qxf1 Bxf1 40. Kxf1 Kg5 41. Nc8 h5 42. Nxa7 Kf6 43.
Nc6 $1 {ist die ueberraschende Widerlegung} 43... Ke6 (43... bxc6 44. a5) 44.
Nd8+ Kd7 45. Nxb7 g3 46. hxg3 Kc6 47. Nd8+ Kd6 48. a5 Kc7 49. Ne6+ (49. e4 $142
{waere im Gewinnsinne praeziser} 49... Kxd8 50. a6 Kc7 $18) 49... Kb7 50. Nxc5+
Ka8 1-0

[Event "ICS Rated blitz match"]
[Site "204.178.125.65"]
[Date "2000.09.25"]
[Round "?"]
[White "Dorky"]
[Black "Hossa"]
[Result "0-1"]
[WhiteElo "2456"]
[BlackElo "2574"]
[Annotator "Fritz 6 (35s)"]
[PlyCount "106"]
[EventDate "2000.??.??"]

1. d4 {D35: Damengambit (Abtauschvariante)} 1... d5 2. c4 e6 3. Nc3 Nf6 4. cxd5
exd5 5. Bg5 Be7 6. e3 O-O 7. Bd3 c6 {Punkt b5} 8. Nge2 Ng4 9. Bf4 Be6 10. f3
Nf6 11. O-O Nbd7 12. Qc2 Nb6 13. Rac1 Bd6 (13... Re8 $5 $14 {
kam sehr in Betracht}) 14. Bxd6 Qxd6 15. e4 Nbd7 16. e5 Nxe5 17. dxe5 Qxe5 18.
Nd1 Qg5 19. Re1 Rad8 20. Qc5 Qd2 {Nicht ohne Gift} 21. Qc3 Qg5 22. Qd4 Nd7 (
22... a6 $142 $5 $16) 23. f4 Qh4 {Das muss pariert werden} 24. g3 Qe7 25. f5 c5
26. Qf4 g5 27. Qc7 c4 28. Bc2 Qb4 29. Ndc3 Rc8 30. Nxd5 Bxd5 31. Qxd7 Qc5+ 32.
Kf1 Rfd8 33. Qa4 Qe3 $4 {vergibt den Vorteil} (33... Bc6 34. b4 Qd5 35. Qxc6
Qxc6 36. Ng1 $19) 34. Qa3 c3 {
Motiv: Raeumung fuer den Zug c8-c3. Mit der Mattdrohung Qf3} 35. Ng1 (35. bxc3
{Motiv: Verstellung} 35... Qf3+ {Ein klassisches Mattmotiv}) 35... Bc4+ 36. Kg2
Rd2+ 37. Kh3 Qf2 (37... Bf1+ 38. Rxf1 Rc4 39. Qf8+ Kxf8 40. Be4 Rxe4 41. Ne2
g4+ 42. Kg2 Qxe2+ 43. Rf2 Qxf2+ 44. Kh1 Qxh2#) 38. Kg4 Rxc2 39. bxc3 Bd3 (39...
Rxa2 40. Qe7 h6 41. Nh3 $19) 40. Rxc2 Bxc2 (40... Qxf5+ 41. Kh5 g4+ 42. Kh4
Qf6+ 43. Kh5 Bg6+ 44. Kh6 Bf5+ 45. Kh5 Qg6+ 46. Kh4 Qh6#) 41. Qc1 f6 (41...
Rc4+ 42. Qf4 gxf4 43. Re8+ Kg7 44. Nf3 fxg3+ 45. Nd4 Bd1+ 46. Re2 Bxe2+ 47. Kh4
Qxh2+ 48. Kg5 Qh6#) 42. Nf3 h5+ (42... Rc4+ 43. Qf4 Rxf4+ 44. Kh5 Qxf3+ 45. Kh6
Re4 46. Rxe4 Bxe4 47. h4 gxh4 48. gxh4 Qe3+ 49. Kh5 Bf3#) 43. Kxh5 Qxf3+ 44.
Kh6 Qxf5 (44... Rxc3 45. Qd2 Qd3 46. Re8+ Kf7 47. Qe1 $14) 45. Qxc2 Qxc2 46.
Re7 Qxh2+ (46... g4 47. Rg7+ Kh8 48. Rxb7 Rg8 49. Rg7 Rxg7 50. h4 Rh7#) 47. Kg6
Qc2+ 48. Kh5 Rxc3 (48... g4 49. Kxg4 Qd1+ 50. Kf4 Qf1+ 51. Ke4 Rc4+ 52. Ke3
Rxc3+ 53. Kd2 Qd3+ 54. Ke1 Rc1+ 55. Kf2 Rf1+ 56. Kg2 Qf3+ 57. Kh3 Rh1#) 49. Rd7
Qf5 50. Rd5 Qxd5 51. Kg6 g4 52. Kxf6 Rc6+ 53. Ke7 Re6# 0-1

[Event "ICS rated blitz match"]
[Site "204.178.125.65"]
[Date "2000.09.25"]
[Round "?"]
[White "Hossa"]
[Black "Varguz"]
[Result "0-1"]
[WhiteElo "2585"]
[BlackElo "2717"]
[PlyCount "118"]
[EventDate "2000.??.??"]

1. d4 Nf6 2. Nf3 c5 3. g3 cxd4 4. Nxd4 e6 5. Bg2 d5 6. O-O Bc5 7. Nb3 Bb6 8.
Nc3 O-O 9. Bg5 Nc6 10. Qd2 h6 11. Bh4 g5 12. Bxg5 hxg5 13. Qxg5+ Kh7 14. Rfd1
Rg8 15. Be4+ Nxe4 16. Qh5+ Kg7 17. Nxe4 Qe7 18. Nc3 Qf6 19. e3 Ne5 20. Qe2 Qf3
21. Qxf3 Nxf3+ 22. Kg2 Ne5 23. Rh1 Bd7 24. a4 Nc4 25. Ra2 Rgc8 26. Nd1 e5 27.
a5 Bd8 28. a6 bxa6 29. h4 Bf5 30. Na1 Nd2 31. f3 Nxf3 32. Rf1 e4 33. Rxa6 Bb6
34. Ra3 Bg4 35. Nf2 Ne5 36. Re1 Bf3+ 37. Kh2 Nc4 38. Rb3 Nd2 39. Ra3 Bc5 40.
Rc3 Nc4 41. Rb3 a5 42. Rb5 Bxe3 43. Nd1 Bd2 44. Rf1 Bxd1 45. Rxd1 e3 46. Rxd5
e2 47. Rb1 Rd8 48. Rb5 Bc3 49. bxc3 Rd1 50. Kh3 e1=Q 51. Rg5+ Kf6 52. Rxd1 Qxd1
53. g4 Qf3+ 54. Kh2 Qf2+ 55. Kh3 Ne3 56. Rf5+ Nxf5 57. g5+ Kg7 58. Kg4 Ne3+ 59.
Kh5 Rh8# {Hossa checkmated} 0-1

[Event "ICS rated blitz match"]
[Site "204.178.125.65"]
[Date "2000.09.25"]
[Round "?"]
[White "PostModernist"]
[Black "Hossa"]
[Result "1-0"]
[WhiteElo "2699"]
[BlackElo "2569"]
[Annotator "Fritz 6 (35s)"]
[PlyCount "125"]
[EventDate "2000.??.??"]

1. e4 {C28: Wiener Partie} 1... e5 2. Bc4 Nf6 3. d3 {Kontrolliert e4} 3... Nc6
4. Nc3 Bb4 5. Nge2 d5 6. exd5 Nxd5 7. O-O Nb6 8. Bb5 O-O 9. Bxc6 bxc6 10. Be3
Nd5 11. Ne4 f5 12. Bg5 Qe8 13. N4c3 Qh5 (13... f4 $5 14. Ne4 f3 $17) 14. Bd2
$11 Qh4 {Schwarz plant f4} 15. Ng3 Bxc3 16. Bxc3 Nxc3 17. bxc3 f4 {
Schwarz hat mehr Raum} 18. Ne4 {Der Springer steht auf e4 komfortabel} 18... f3
19. gxf3 Bh3 20. Re1 Rf7 21. d4 exd4 22. cxd4 Raf8 {Greift den Isolani f3 an}
23. Re3 Rf5 24. Qd3 Rg5+ 25. Ng3 Rd5 26. c3 c5 27. Qc4 c6 28. Re5 {
Weiss besetzt das Schluesselfeld e5} 28... Qd8 (28... Qf4 29. Rxd5 Be6 30. Qxc5
Bxd5 $19) 29. dxc5 $14 Rxf3 30. Rae1 Rf8 31. Rxd5 cxd5 {Aufpassen!} 32. Qd4 Qd7
33. Rd1 {Uebt Druck auf den Isolani d5 aus} 33... Qf7 34. a3 Kh8 35. f4 (35.
Qxd5 $2 {uebersieht} 35... Qxf2+ 36. Kh1 Bg4 $19) 35... Bg4 36. Rd3 Bc8 37. c6
{Weiss spielt seinen Trumpf aus} 37... Ba6 38. Rd1 Bc4 39. Rb1 Ba6 40. Qe5 Bc8
41. Rd1 Re8 42. Qd6 (42. Qxd5 $6 Qxf4 43. Qe4 Qf7 $14 (43... Rxe4 $4 44. Rd8+
Re8 45. Rxe8+ Qf8 46. Rxf8#) (43... Qxe4 $2 44. Nxe4 Kg8 45. Nd6 $18)) 42...
Ba6 43. Rxd5 Re1+ 44. Kg2 Qg8 (44... Re8 45. Re5 Rc8 46. f5 $18) 45. Ra5 (45.
Re5 Rc1 46. c7 Rc2+ 47. Kh3 Bc8+ 48. f5 Rxc3 $18) 45... Bc8 46. Rxa7 Bg4 {
Wenn er doch jetzt Qa2 uebersaehe...} 47. Kf2 Rd1 48. Qe7 Rd2+ 49. Ke3 Rxh2 (
49... Rc2 50. c7 Rc1 $18) 50. c7 Rh3 (50... Rh6 {
ist vielleicht ein Schwindelversuch} 51. f5 Bxf5 52. Nxf5 Re6+ 53. Kd4 Rxe7 54.
Nxe7 Qe8 $18) 51. Ra8 $1 {ist die huebsche Pointe} 51... Rxg3+ (51... Qxa8 {
Motiv: Hinlenkung-> a8} 52. Qd8+ {Kombination mit Doppelangriff}) 52. Kd4 h6 {
Weiss darf Schwarz nun nicht zu Qxa8 kommen lassen} 53. Qd8 Be6 (53... Qxd8+ {
hilft auch nicht mehr} 54. cxd8=Q+ Kh7 55. Qg8+ Kg6 56. Qe8+ Kh7 57. Qe4+ Bf5
58. Qxf5+ Rg6 59. Qe4 h5 60. Ra6 Kg8 61. Qe8+ Kh7 62. Qxg6+ Kg8 63. Ra8#) 54.
Qxg8+ $18 Bxg8 55. c8=Q Kh7 56. Qxg8+ Kg6 57. Qe8+ Kf6 58. Ra6+ (58. Qe5+ Kg6
59. Ra6+ Kh7 60. Qf5+ g6 61. Ra7+ Kg8 62. Qc8#) 58... Kf5 59. Ra5+ Kf6 60. Qf8+
Ke6 61. f5+ Kd7 62. Ra7+ Kc6 63. Qc5# 1-0

[Event "ICS Rated blitz match"]
[Site "204.178.125.65"]
[Date "2000.09.25"]
[Round "?"]
[White "Hossa"]
[Black "PostModernist"]
[Result "0-1"]
[WhiteElo "2559"]
[BlackElo "2709"]
[PlyCount "196"]
[EventDate "2000.??.??"]

1. e4 c6 2. d4 d5 3. Nc3 dxe4 4. Nxe4 Bf5 5. Ng3 Bg6 6. h4 h6 7. Nf3 Nd7 8. h5
Bh7 9. Bd3 Bxd3 10. Qxd3 Qc7 11. Bd2 e6 12. O-O-O Ngf6 13. Ne4 Bd6 14. Nxd6+
Qxd6 15. Kb1 Qd5 16. Rde1 b5 17. Ba5 Nxh5 18. Qe3 Nhf6 19. Rh4 O-O 20. Qf4 Rfc8
21. Qg3 h5 22. Reh1 c5 23. dxc5 Nxc5 24. Rd4 Nce4 25. Qf4 Qc5 26. Rc1 Qf5 27.
Qe3 e5 28. Rb4 a6 29. Qe2 g5 30. Qd3 g4 31. Nd2 Nxd2+ 32. Qxd2 Ra7 33. Rh1 Rd7
34. Qe2 Rd5 35. Rf1 Rdc5 36. Rc1 Nd5 37. Rb3 Nf4 38. Qd2 Rd5 39. Qe1 Nxg2 40.
Qf1 Rdc5 41. Rc3 Nf4 42. Rxc5 Rxc5 43. Qd1 Rc4 44. Qd8+ Kh7 45. b3 Rc6 46. Qd2
Nh3 47. Rf1 g3 48. f3 Qxc2+ 49. Qxc2+ Rxc2 50. Kxc2 g2 51. Rc1 g1=Q 52. Rxg1
Nxg1 53. Kd3 h4 54. Bb6 Nxf3 55. Ke3 Ng5 56. Bc7 f6 57. Kf2 Kg6 58. Kg2 Kf5 59.
Bd8 e4 60. Kf2 h3 61. Kg3 e3 62. a4 e2 63. Ba5 bxa4 64. bxa4 Ke4 65. Be1 f5 66.
Bf2 f4+ 67. Kh2 a5 68. Kh1 Nf3 69. Bg3 Kd4 70. Bf2+ Kc3 71. Bg3 Kb3 72. Bf2 Kc2
73. Bg3 Kb2 74. Bf2 Kb3 75. Bg3 Ka3 76. Bf2 Kb2 77. Bg3 Kc3 78. Bf2 Kc4 79. Bg3
Kb4 80. Bf2 e1=Q+ 81. Bxe1+ Nxe1 82. Kh2 f3 83. Kxh3 f2 84. Kh4 f1=Q 85. Kg5
Qf5+ 86. Kxf5 Kxa4 87. Ke5 Nc2 88. Kd5 Kb3 89. Kc6 a4 90. Kc5 a3 91. Kd5 a2 92.
Ke5 a1=Q+ 93. Kf5 Qg7 94. Ke6 Nd4+ 95. Kd6 Kc3 96. Kc5 Qh6 97. Kd5 Qe6+ 98. Kc5
Qc6# {Hossa checkmated} 0-1

[Event "ICS Rated blitz match"]
[Site "204.178.125.65"]
[Date "2000.09.25"]
[Round "?"]
[White "dwg6"]
[Black "Hossa"]
[Result "0-1"]
[WhiteElo "2427"]
[BlackElo "2550"]
[PlyCount "76"]
[EventDate "2000.??.??"]

1. d4 Nf6 2. c4 c5 3. d5 e6 4. Nc3 exd5 5. cxd5 d6 6. g3 Be7 7. Bg2 O-O 8. Nf3
Bf5 9. O-O Na6 10. Nh4 Bg4 11. h3 Bd7 12. a4 Qc8 13. Kh2 Nb4 14. Nf3 Bf5 15.
Nh4 Bc2 16. Qd2 Bb3 17. e4 Nc2 18. Rb1 Nd4 19. Ne2 Ba2 20. Nxd4 Bxb1 21. Ndf5
Qc7 22. Qg5 g6 23. Bf4 Bd3 24. Nxe7+ Qxe7 25. Nf5 Qd8 26. Re1 Ne8 27. Nh6+ Kh8
28. Qg4 Bc2 29. e5 dxe5 30. Rxe5 Bxa4 31. Bg5 f6 32. Qxa4 fxg5 33. Qc4 Qc7 34.
Re2 Qg7 35. Ng4 Qd4 36. Qxd4+ cxd4 37. Re7 Nd6 38. Ne5 Rae8 {dwg6 resigns} 0-1

[Event "ICS rated bullet match"]
[Site "204.178.125.65"]
[Date "2000.09.25"]
[Round "?"]
[White "Hossa"]
[Black "Colorado"]
[Result "0-1"]
[WhiteElo "2381"]
[BlackElo "2504"]
[PlyCount "96"]
[EventDate "2000.??.??"]

1. d4 Nf6 2. c4 e6 3. Nf3 b6 4. g3 Ba6 5. Qb3 Nc6 6. Bd2 Bb7 7. d5 exd5 8. cxd5
Ne7 9. d6 cxd6 10. Bh3 Ne4 11. O-O Nxd2 12. Nbxd2 Ng6 13. Rfc1 Be7 14. Ne1 O-O
15. Bg2 Bxg2 16. Nxg2 Bf6 17. e4 Rc8 18. Ne3 Qe7 19. Nd5 Qe6 20. Qb4 Rc6 21.
Rd1 Rfc8 22. f4 a5 23. Qb5 Bd4+ 24. Kh1 Nf8 25. Rab1 Rc2 26. Qd3 Bxb2 27. f5
Qe8 28. Nxb6 R8c3 29. Qd4 Ba3 30. Nd5 Rc5 31. f6 Ne6 32. Qa1 Ng5 33. Ne7+ Kf8
34. Nf5 R5c3 35. fxg7+ Kg8 36. Nd4 Rxd2 37. Rxd2 Qxe4+ 38. Rg2 Qxd4 39. Rf1
Kxg7 40. Rf4 Qe5 41. Rf1 Ne4 42. Qb1 Qd5 43. Qb8 Nf2+ 44. Kg1 Nh3+ 45. Kh1 Rc2
46. Qa8 Qxa8 47. Rxf7+ Kxf7 48. g4 Qxg2# {Hossa checkmated} 0-1

[Event "ICS rated bullet match"]
[Site "204.178.125.65"]
[Date "2000.09.25"]
[Round "?"]
[White "Colorado"]
[Black "Hossa"]
[Result "1-0"]
[WhiteElo "2515"]
[BlackElo "2370"]
[PlyCount "79"]
[EventDate "2000.??.??"]

1. e4 c5 2. Nf3 d6 3. d4 Nf6 4. Nc3 cxd4 5. Nxd4 a6 6. Bg5 e6 7. f4 Be7 8. Qf3
Nbd7 9. O-O-O Qc7 10. g4 b5 11. Bxf6 Bxf6 12. g5 Be7 13. f5 Bxg5+ 14. Kb1 Ne5
15. Qh5 Be3 16. Nxe6 Bxe6 17. fxe6 Rc8 18. Bh3 O-O 19. Qe2 Bg5 20. exf7+ Nxf7
21. Bxc8 Rxc8 22. Rhf1 Qc4 23. Qg2 Bd8 24. Rg1 g6 25. Nd5 Ng5 26. Rde1 a5 27.
Rgf1 Qc5 28. e5 Ne6 29. exd6 Qxd6 30. Qf3 Kh8 31. Qf7 Nc7 32. Re8+ Nxe8 33.
Qxe8+ Kg7 34. Rf7+ Kh6 35. Qe3+ Qf4 36. Nxf4 Bh4 37. Ne6+ g5 38. Rf6+ Kh5 39.
Ng7+ Kg4 40. Qe6# {Hossa checkmated} 1-0

[Event "ICS rated bullet match"]
[Site "204.178.125.65"]
[Date "2000.09.25"]
[Round "?"]
[White "kyrios"]
[Black "Hossa"]
[Result "0-1"]
[WhiteElo "1872"]
[BlackElo "2360"]
[PlyCount "40"]
[EventDate "2000.??.??"]

1. e4 e5 2. Nf3 Nc6 3. d4 exd4 4. c3 dxc3 5. Bc4 cxb2 6. Bxb2 d6 7. O-O Be6 8.
Bxe6 fxe6 9. Qb3 Qd7 10. Ng5 Nd8 11. f4 Nf6 12. e5 dxe5 13. fxe5 Bc5+ 14. Kh1
Ng4 15. Nc3 Nf2+ 16. Rxf2 Bxf2 17. Nce4 O-O 18. Nxf2 Rxf2 19. Rd1 Qd2 20. Ba3
Qxg5 {kyrios resigns} 0-1

[Event "ICS rated bullet match"]
[Site "204.178.125.65"]
[Date "2000.09.25"]
[Round "?"]
[White "Hossa"]
[Black "kyrios"]
[Result "1-0"]
[WhiteElo "2362"]
[BlackElo "1870"]
[PlyCount "49"]
[EventDate "2000.??.??"]

1. e4 c5 2. Nf3 f5 3. exf5 Nf6 4. d4 d5 5. Bb5+ Nc6 6. dxc5 Bxf5 7. Nc3 e6 8.
Nd4 Bxc5 9. Nxc6 bxc6 10. Bxc6+ Kf7 11. Bxa8 Ng4 12. Bxd5 Bxf2+ 13. Kf1 exd5
14. h3 Ne3+ 15. Bxe3 Bxe3 16. Qf3 Rf8 17. g4 Kg8 18. gxf5 Bb6 19. Nxd5 Bc5 20.
b4 Bd6 21. f6 g6 22. Qe3 Qa8 23. Qe6+ Kh8 24. Qxd6 Qb8 25. Qe7 {kyrios resigns}
1-0

[Event "ICS rated standard match"]
[Site "204.178.125.65"]
[Date "2000.09.25"]
[Round "?"]
[White "Hossa"]
[Black "Colorado"]
[Result "1-0"]
[WhiteElo "2376"]
[BlackElo "2516"]
[PlyCount "118"]
[EventDate "2000.??.??"]

1. e4 e5 2. Bc4 Nf6 3. d3 Nc6 4. Nf3 Bc5 5. c3 a6 6. O-O Ba7 7. d4 Qe7 8. d5
Nd8 9. Bd3 O-O 10. c4 d6 11. Nc3 Bd7 12. b3 c6 13. a3 cxd5 14. exd5 Bb6 15. Qc2
Re8 16. Bg5 h6 17. Bxf6 Qxf6 18. Rfd1 Bg4 19. Bh7+ Kh8 20. Be4 Rc8 21. h3 Bd7
22. Qe2 Bd4 23. Qd3 Bb6 24. Rdc1 Bc5 25. Re1 a5 26. Qe2 Kg8 27. Bd3 Bb6 28. Qc2
Kh8 29. Kh1 Rc7 30. Rg1 Rc8 31. Rgf1 Kg8 32. Rfe1 Bc7 33. c5 dxc5 34. Ne4 Qf4
35. Qe2 Rf8 36. Nxc5 Be8 37. Rac1 Bd6 38. g3 Qxc1 39. Rxc1 Rxc5 40. Rxc5 Bxc5
41. Qxe5 Bxa3 42. Qc7 a4 43. Kg2 g6 44. Bc4 b5 45. Bd3 b4 46. Ne1 axb3 47. Qxd8
b2 48. Qc7 f5 49. Nf3 Bb5 50. Bb1 Be8 51. d6 b3 52. d7 Bf7 53. d8=Q Rxd8 54.
Qxd8+ Kg7 55. Qd4+ Kg8 56. Ne5 Be7 57. Nxf7 Kxf7 58. Qxb2 h5 59. Qxb3+ Kg7 {
Colorado resigns} 1-0

[Event "ICS Rated standard match"]
[Site "204.178.125.65"]
[Date "2000.09.25"]
[Round "?"]
[White "Colorado"]
[Black "Hossa"]
[Result "1-0"]
[WhiteElo "2494"]
[BlackElo "2398"]
[PlyCount "71"]
[EventDate "2000.??.??"]

1. e4 e5 2. Bc4 Nf6 3. d3 c6 4. Bb3 d5 5. Nf3 Bg4 6. h3 dxe4 7. hxg4 exf3 8.
Qxf3 Bb4+ 9. Bd2 Qd6 10. g5 Nd5 11. c3 Bc5 12. Qe4 Nd7 13. d4 Bb6 14. f4 f5 15.
gxf6 N5xf6 16. Qe3 e4 17. Na3 Qe7 18. O-O-O Nd5 19. Qe2 O-O-O 20. c4 N5f6 21.
Be3 h5 22. c5 Bc7 23. Nc4 Ng4 24. Ne5 Ndxe5 25. fxe5 Kb8 26. Bg1 Qg5+ 27. Kb1
Rhf8 28. Qxe4 Nf2 29. Bxf2 Rxf2 30. g3 Qxg3 31. Rdg1 Rf4 32. Rxg3 Rxe4 33. Rxg7
h4 34. e6 Bg3 35. Rf1 Rexd4 36. e7 {Hossa resigns} 1-0

[Event "ICS rated standard match"]
[Site "204.178.125.65"]
[Date "2000.09.25"]
[Round "?"]
[White "PostModernist"]
[Black "Hossa"]
[Result "1-0"]
[WhiteElo "2446"]
[BlackElo "2386"]
[PlyCount "125"]
[EventDate "2000.??.??"]

1. e4 e5 2. Bc4 Nf6 3. d3 c6 4. Bb3 d5 5. Nf3 Bg4 6. h3 dxe4 7. Bxf7+ Ke7 8.
hxg4 exf3 9. Bb3 fxg2 10. Rg1 Kd7 11. Rxg2 Kc7 12. Nc3 Nbd7 13. Qe2 Nc5 14.
Qxe5+ Bd6 15. Qd4 Qe7+ 16. Be3 Rhe8 17. g5 Nfd7 18. O-O-O Qf8 19. Qh4 Qf5 20.
Bd5 Rad8 21. Be4 Nxe4 22. dxe4 Qf3 23. Rgg1 Rh8 24. Kb1 Ne5 25. Bxa7 Ng6 26.
Qh1 Ne5 27. Bd4 Qxh1 28. Rxh1 Rdf8 29. Na4 b5 30. Nc5 Re8 31. f4 Nc4 32. e5 Bf8
33. b3 Bxc5 34. Bxc5 Nb6 35. Bd4 Nd5 36. e6 Kc8 37. f5 Rhf8 38. c4 Nc7 39. Rdf1
g6 40. cxb5 Nxb5 41. e7 Rxf5 42. Rxf5 gxf5 43. Bf6 Nc7 44. Rxh7 Nd5 45. Rf7 Kd7
46. Rf8 f4 47. Kc2 f3 48. Kd2 c5 49. Rxe8 Kxe8 50. a4 Kd7 51. a5 Nc7 52. Ke3
Ne8 53. Kxf3 Kd6 54. a6 Kc6 55. Be5 Kd5 56. a7 Kxe5 57. a8=Q Kd4 58. Qxe8 Kd3
59. Qb5+ Kc3 60. e8=Q Kc2 61. Qee2+ Kc1 62. Qxc5+ Kb1 63. Qg1# {
Hossa checkmated} 1-0

[Event "ICS rated standard match"]
[Site "204.178.125.65"]
[Date "2000.09.25"]
[Round "?"]
[White "Hossa"]
[Black "PostModernist"]
[Result "0-1"]
[WhiteElo "2373"]
[BlackElo "2459"]
[PlyCount "186"]
[EventDate "2000.??.??"]

1. e4 g6 2. d4 Bg7 3. Nc3 d6 4. Nf3 Nf6 5. Bd3 O-O 6. O-O Bg4 7. e5 dxe5 8.
dxe5 Nfd7 9. h3 Bxf3 10. Qxf3 Nc6 11. e6 fxe6 12. Qe3 Nd4 13. Rd1 Nc5 14. Bc4
Qd6 15. Nb5 Nf5 16. Nxd6 Nxe3 17. Bxe3 exd6 18. Bxc5 dxc5 19. Bxe6+ Kh8 20. c3
Rad8 21. g3 Bf6 22. Kf1 b5 23. a3 Kg7 24. Bd7 a6 25. f4 h5 26. h4 Kh7 27. Rd5
c4 28. Rad1 Be7 29. a4 Bd6 30. Bc6 bxa4 31. Bxa4 Rb8 32. R1d2 Rb6 33. Re2 Kg7
34. Rg5 Rf6 35. Be8 Bf8 36. Kg2 Kh6 37. Kh3 c5 38. g4 Rbe6 39. Rge5 hxg4+ 40.
Kxg4 Rxe5 41. fxe5 Rf5 42. Bd7 Rh5 43. Re4 Be7 44. Kg3 Kg7 45. Bc8 a5 46. e6
Rh8 47. Ba6 Rb8 48. Re2 Rh8 49. Bxc4 Bxh4+ 50. Kf4 Be7 51. Ke4 Rh4+ 52. Kd5 Rf4
53. Bd3 Rf3 54. Be4 Rf1 55. Kc6 Kf6 56. Kb6 g5 57. Bc6 Ra1 58. Bd5 a4 59. Kb5
a3 60. bxa3 Rxa3 61. Re3 g4 62. Bc6 Rb3+ 63. Kc4 Rb6 64. Bd7 Kf5 65. Re1 g3 66.
Re2 Kg4 67. Rd2 Kh3 68. Rd5 g2 69. Rh5+ Kg3 70. Rh8 g1=Q 71. Rg8+ Kf2 72. Rxg1
Kxg1 73. Kd5 Rd6+ 74. Ke5 Kf2 75. Bb5 Ke3 76. Kf5 Kd2 77. c4 Kc3 78. Ke5 Rd4
79. Kf5 Rxc4 80. Ke5 Rh4 81. Bc6 c4 82. Be8 Kd2 83. Bg6 c3 84. Kd5 c2 85. Kc6
c1=Q+ 86. Kd7 Bb4 87. e7 Rd4+ 88. Ke6 Qc6+ 89. Kf7 Rf4+ 90. Bf5 Rxf5+ 91. Kg7
Qf6+ 92. Kg8 Qf7+ 93. Kh8 Rh5# {Hossa checkmated} 0-1

[Event "ICS rated standard match"]
[Site "204.178.125.65"]
[Date "2000.09.25"]
[Round "?"]
[White "Hossa"]
[Black "infant"]
[Result "1-0"]
[WhiteElo "2361"]
[BlackElo "2016"]
[PlyCount "32"]
[EventDate "2000.??.??"]

1. e4 e5 2. Nf3 Nc6 3. Bc4 Bc5 4. c3 Nf6 5. d4 exd4 6. cxd4 Bb4+ 7. Nc3 Nxe4 8.
O-O Bxc3 9. d5 Bf6 10. Re1 O-O 11. Rxe4 Ne7 12. d6 Ng6 13. Qe2 b6 14. Bd5 Rb8
15. Bxf7+ Rxf7 16. Re8+ Rf8 {infant resigns} 1-0